000
00318nam a2200133Ia 4500
008
240624s9999 xx 000 0 und d
041
_a
eng
082
_a
823 FOR
100
_a
FORRESTER HELEN
245
_a
THREE WOMEN OF LIVERPOOL
260
_c
2005
_a
Great Britain
_b
Grafton
300
_a
486p. ; 18cm.
365
_c
BPS
999
_c
3991
_d
3991